000 00722nam a2200289 4500
001 001701786
003 DO-SdBNP
005 20180207091317.0
007 001701786
008 010827s1989 sp | ||| ||spa
016 7 _a
_2BPMSU
017 _a
_b
020 _a8432022349
035 _a
040 _aBPMSU
_bspa
_cBPMSU
_e
080 0 _a
100 1 _aDelibes, Miguel
_d1920-2010
245 1 4 _aLos santos inocentes /
_h
_cMiguel Delibes
250 _a 18 ed.
260 _aBarcelona :
_bPlaneta,
_c1989
300 _a175 p.:
_c20 cm
490 1 _a Narrativa
_v
830 _pNarrativa
942 _2ddc
_cBK
945 _ainventariado, 2018 / dg
956 _aVMATEO
_210
_320160407
_6BPMSU
_80069
999 _c9601
_d9601